African Country Borders - Statistics

General Stats
  • This quiz has been taken 6 times
  • The average score is 30 of 45
Answer Stats
Question Tile Select % Correct
Tunisia 2 Yes
100%
Togo 3 Yes
100%
Senegal 1 No
83%
Tunisia 1 No
83%
Togo 1 No
83%
Senegal 2 No
83%
Togo 2 No
83%
Tunisia 3 No
83%
Tunisia 4 No
83%
Togo 4 No
83%
Tunisia 5 No
83%
Togo 5 No
83%
Tunisia 6 No
83%
Togo 6 No
83%
Senegal 7 No
83%
Tunisia 7 No
83%
Togo 7 No
83%
Senegal 8 No
83%
Tunisia 8 No
83%
Togo 8 No
83%
Senegal 9 No
83%
Tunisia 9 No
83%
Togo 9 No
83%
Namibia 1 No
67%
Senegal 4 No
67%
Senegal 6 No
67%
Namibia 7 No
67%
Tanzania 1 No
50%
Tanzania 2 No
50%
Namibia 2 No
50%
Senegal 3 No
50%
Tanzania 3 No
50%
Namibia 3 No
50%
Tanzania 4 No
50%
Tanzania 5 No
50%
Tanzania 7 No
50%
Namibia 8 No
50%
Tanzania 9 No
50%
Namibia 9 No
50%
Senegal 5 Yes
33%
Namibia 6 No
33%
Tanzania 8 Yes
33%
Namibia 5 Yes
17%
Tanzania 6 No
17%
Namibia 4 No
0%
No matching quizzes found
Score Distribution
Percent of People with Each Score
Percentile by Number Answered
Your Score History
You have not taken this quiz